Obchodný zákonník komentár

Salvato in:
Dettagli Bibliografici
Autore principale: Patakyová, Mária
Natura: Libro
Lingua:ceco
Pubblicazione: Praha C.H. Beck 2006
Serie:Beckova edícia komentované zákony
Soggetti:
Tags: Aggiungi Tag
Nessun Tag, puoi essere il primo ad aggiungerne!!

MARC

LEADER 00000nam$a2200000$$$4500
001 0049225
005 20240104135311.2
020 |a 80-7179-510-0 
041 0 |a cze 
044 |a CZ 
245 1 0 |a Obchodný zákonník  |b komentár  |c Mária Patakyová ... [et al.] 
264 1 |a Praha  |b C.H. Beck  |c 2006 
300 |a xvi, 1005 s. 
490 1 |a Beckova edícia komentované zákony 
830 0 |a Beckova edícia komentované zákony 
610 2 0 |a zákonník obchodný 
610 2 0 |a právo obchodné 
610 2 0 |a legislatíva 
610 2 0 |a Slovensko 
100 1 |a Patakyová, Mária